000 00464nam a2200181Ia 4500
001 22980
003 IN-NITTTR
005 20251114233258.0
008 251113s9999||||xx |||||||||||||| ||eng||
040 _beng
040 _cIN-NITTTR
041 _aeng
082 _a006.66 S51A
100 _aSchmidt, Jurg
245 0 _aAutoLISP in AutoCAD11 :
_b language description and refernce /
_cSchmidt, Jurg, Schutz, Eddy
700 _a Schutz, Eddy
942 _2ddc
_cBK
999 _c25609
_d25609